Statistics for Českoslovenští a čeští prezidenti

Click here to take the quiz!

General Stats

  • This quiz has been taken 169 times
  • The average score is 8 of 11

Answer Stats

Léta v úřaduJméno prezidenta% Correct
1989 - 1992Václav Havel
89%
1935 - 1938Edvard Beneš
85%
1945 - 1948Edvard Beneš
85%
1975 - 1989Gustáv Husák
76%
1938 - 1939Emil Hácha
72%
Protektorát Čechy a Morava (1939 - 1945)Emil Hácha
72%
1948 - 1953Klement Gottwald
71%
1953 - 1957Antonín Zápotocký
68%
1968 - 1975Ludvík Svoboda
57%
1957 - 1968Antonín Novotný
56%
1918 - 1935T. G. Masaryk
37%

Score Distribution

Percentile by Number Answered

Percent of People with Each Score

Your Score History

You have not taken this quiz